[Event "AUTO-OPEN-4170"]
[Site "http://www.queenalice.com/game.php?id=1610886"]
[Date "2020.5.4"]
[Round "1"]
[White "danote"]
[Black "jpribeiro"]
[Result "0-1"]
[WhiteElo "1699"]
[BlackElo "1965"]

1. e4 e5 2. Nf3 Nf6 3. Bc4 Nc6 4. Ng5 d5 5. exd5 Na5 6. b3 Nxc4 7. bxc4 h6 8.
Nf3 e4 9. Ne5 Qe7 10. Bb2 Nd7 11. Nxd7 Bxd7 12. O-O O-O-O 13. d3 e3 14. Qf3
exf2+ 15. Qxf2 f6 16. Re1 Qf7 17. Qxa7 c6 18. Rf1 Bd6 19. c5 Bb8 20. Qa8 Qxd5
21. d4 Qc4 22. Nd2 Qa6 23. Qxa6 bxa6 24. Ne4 f5 25. Nd6+ Bxd6 26. cxd6 Be6 27.
Ba3 g6 28. Bc5 Kd7 0-1

[Event "AUTO-OPEN-4170"]
[Site "http://www.queenalice.com/game.php?id=1610887"]
[Date "2020.5.4"]
[Round "1"]
[White "jpribeiro"]
[Black "danote"]
[Result "1-0"]
[WhiteElo "1989"]
[BlackElo "1704"]

1. e4 e5 2. Nf3 Nf6 3. Nxe5 Bc5 4. d4 Bd6 5. f3 Nxe4 6. fxe4 Qh4+ 7. Kd2 Qxe4 8.
c3 Bb4 9. cxb4 Qxd4+ 10. Nd3 O-O 11. Qf3 Nc6 12. Qe3 Qf6 13. Nc3 a6 14. Qf4 Qe6
15. a3 d6 16. Qe4 Ne5 17. Nxe5 dxe5 18. Bc4 Qf6 19. Nd5 Qd6 20. Kc2 Re8 21. Rd1
Be6 22. Nf6+ gxf6 23. Rxd6 cxd6 24. Bxe6 fxe6 25. Bh6 Re7 26. Qg4+ Kh8 27. Qh4
Rf7 28. Rf1 f5 29. Rf3 f4 30. Rh3 1-0

[Event "AUTO-OPEN-4170"]
[Site "http://www.queenalice.com/game.php?id=1610888"]
[Date "2020.5.4"]
[Round "1"]
[White "danote"]
[Black "josebaron"]
[Result "0-1"]
[WhiteElo "1787"]
[BlackElo "2344"]

1. d4 d5 2. g3 Nf6 3. Bf4 e6 4. Bg2 Be7 5. Nf3 O-O 6. e3 h6 7. Be5 c5 8. Bxf6
Bxf6 9. Nc3 Nc6 10. O-O cxd4 11. exd4 b5 12. Nxb5 Rb8 13. c3 Rxb5 14. c4 dxc4
15. Qa4 Qb6 16. Qd1 Rxb2 17. Nd2 Ba6 18. Qc1 c3 19. Nc4 Bxc4 20. Rd1 Nxd4 21.
Kh1 Ne2 22. Qe3 Qxe3 23. fxe3 c2 0-1

[Event "AUTO-OPEN-4170"]
[Site "http://www.queenalice.com/game.php?id=1610889"]
[Date "2020.5.4"]
[Round "1"]
[White "josebaron"]
[Black "danote"]
[Result "1-0"]
[WhiteElo "2339"]
[BlackElo "1796"]

1. e4 e5 2. Bc4 Nf6 3. Nc3 Bc5 4. Nf3 Nc6 5. O-O Ng4 6. h3 h5 7. Nd5 d6 8. c3
Bd7 9. d4 exd4 10. cxd4 Bb6 11. a4 a5 12. hxg4 hxg4 13. Nxb6 gxf3 14. Qxf3 f6
15. Qg3 g5 16. Nxa8 Qxa8 17. f4 Nxd4 18. fxg5 Qd8 19. gxf6 c6 20. Qg7 1-0

[Event "AUTO-OPEN-4170"]
[Site "http://www.queenalice.com/game.php?id=1610890"]
[Date "2020.5.4"]
[Round "1"]
[White "danote"]
[Black "betofortaleza"]
[Result "0-1"]
[WhiteElo "1716"]
[BlackElo "1807"]

1. g3 e5 2. Nc3 d5 3. d4 e4 4. Bg2 Bb4 5. Bd2 Nc6 6. Nh3 Bg4 7. Nf4 Nxd4 8. O-O
Nf6 9. f3 exf3 10. exf3 Bf5 11. Re1+ Ne6 12. Re5 g6 13. Ncxd5 Bd6 14. Nxe6 fxe6
15. Nxf6+ Qxf6 16. Rb5 O-O-O 17. f4 Qd4+ 18. Kh1 Be4 19. Bc3 Bxg2+ 20. Kxg2 Qe4+
21. Kh3 Rhg8 22. Qg1 b6 23. Qf2 h5 24. Re1 Qc4 25. Rb3 a5 26. Bf6 Rdf8 27. Qf3
e5 0-1

[Event "AUTO-OPEN-4170"]
[Site "http://www.queenalice.com/game.php?id=1610891"]
[Date "2020.5.4"]
[Round "1"]
[White "betofortaleza"]
[Black "danote"]
[Result "1-0"]
[WhiteElo "1714"]
[BlackElo "1785"]

1. e4 e5 2. Nf3 Nf6 3. Nxe5 d6 4. Nxf7 Kxf7 5. Bc4+ Ke7 6. O-O d5 7. exd5 Nxd5
8. Re1+ Be6 9. d3 Kd7 10. Qf3 c6 11. Nc3 Kc7 12. Rxe6 Bc5 13. Bxd5 Rf8 14. Qg3+
Kc8 15. Bf3 Qb6 16. Be3 Qxb2 17. Bxc5 Qxa1+ 18. Nd1 Rxf3 19. Re8+ Kd7 20. Re7+
1-0

[Event "Challenge"]
[Site "http://www.queenalice.com/game.php?id=1616066"]
[Date "2020.6.11"]
[Round "-"]
[White "danote"]
[Black "amaralch7"]
[Result "1-0"]
[WhiteElo "1694"]
[BlackElo "1790"]

1. d4 g6 2. e4 Bg7 3. Bc4 e6 4. h4 Nc6 5. h5 d6 6. d5 exd5 7. Bxd5 Bd7 8. h6 Be5
9. Be3 Bxb2 10. Nf3 Bxa1 11. Ng5 Ne5 12. Bxb7 Rb8 13. Bd5 c6 14. Bb3 Qa5+ 15.
Bd2 Qd8 16. Na3 Bd4 17. Nc4 Be6 18. Ba5 Bxf2+ 19. Kxf2 Qf6+ 20. Nf3 d5 21. Bc7
Nxc4 22. Bxc4 Ne7 23. Be5 Qf4 24. Bxf4 Rb4 25. Qd4 Rg8 26. Qxa7 Rxc4 27. Rc1
Rxe4 28. Bg5 Nc8 29. Qc7 Bd7 30. Qd8# 1-0

[Event "The Fixer - PJ "]
[Site "http://www.queenalice.com/game.php?id=1619600"]
[Date "2020.7.7"]
[Round "-"]
[White "amaralch7"]
[Black "danote"]
[Result "0-1"]
[WhiteElo "1852"]
[BlackElo "1714"]

1. e4 e5 2. Nf3 Nc6 3. Bb5 Nd4 4. Nxe5 Qg5 5. O-O Qxe5 6. Bc4 Nh6 7. c3 Nc2 8.
Qxc2 Ng4 9. f4 Qc5+ 10. d4 Qxc4 11. b3 Qa6 12. f5 c5 13. Qd1 h5 14. d5 Qf6 15.
Bf4 Bd6 16. Qf3 c4 17. b4 a5 18. b5 Bc5+ 19. Kh1 O-O 20. h3 Re8 21. Nd2 d6 22.
Rae1 a4 23. hxg4 Qh4+ 24. Qh3 Qxg4 25. Qxg4 hxg4 26. Bg3 f6 27. Rf4 Bd7 28. Rb1
Be3 29. Nxc4 Bxf4 30. Bf2 g3 31. Bd4 Rxe4 32. Kg1 Bxf5 33. Rf1 Rae8 0-1

[Event "AUTO-OPEN-4159"]
[Site "http://www.queenalice.com/game.php?id=1622795"]
[Date "2020.8.4"]
[Round "2"]
[White "serinha"]
[Black "danote"]
[Result "1-0"]
[WhiteElo "2626"]
[BlackElo "1758"]

1. g3 d5 2. Nh3 Bxh3 3. Bxh3 e5 4. f4 exf4 5. O-O Bc5+ 6. d4 Bd6 7. gxf4 Qh4 8.
Bg2 Nf6 9. c4 Nh5 10. e3 a5 11. c5 Be7 12. Qb3 b6 13. Bxd5 Qg4+ 14. Kh1 Qh4 15.
Rg1 O-O 16. Bxa8 bxc5 17. Nd2 g5 18. Nf3 Qh3 19. Nxg5 Ng3+ 20. Rxg3 Qf1+ 21. Rg1
Qf2 22. Nxf7+ Qxg1+ 23. Kxg1 cxd4 24. Qe6 Rxf7 25. Bd5 1-0

[Event "AUTO-OPEN-4159"]
[Site "http://www.queenalice.com/game.php?id=1622796"]
[Date "2020.8.4"]
[Round "2"]
[White "danote"]
[Black "serinha"]
[Result "0-1"]
[WhiteElo "1760"]
[BlackElo "2627"]

1. e4 g6 2. e5 d6 3. Qf3 dxe5 4. Bc4 Nf6 5. Nc3 Nc6 6. Nd5 Nd4 7. Nxf6+ exf6 8.
Qc3 Bb4 9. Bxf7+ Kxf7 10. Qc4+ Be6 11. Qd3 e4 12. Qxe4 Re8 13. Ne2 Bf5 14. Qxb7
Rxe2+ 15. Kf1 Re1+ 16. Kxe1 Qe7+ 17. Kf1 Qe2+ 18. Kg1 Qe1# 0-1

[Event "AUTO-ADV-4425"]
[Site "http://www.queenalice.com/game.php?id=1633820"]
[Date "2020.11.22"]
[Round "1"]
[White "MarcosT"]
[Black "danote"]
[Result "1-0"]
[WhiteElo "1909"]
[BlackElo "1736"]

1. e4 Nc6 2. Nf3 e5 3. Bc4 Qf6 4. d3 d6 5. Nc3 a6 6. Bg5 Qg6 7. Nd5 Kd7 8. Qd2
b5 9. Bb3 h6 10. Be3 Qxg2 11. Ke2 Kd8 12. Rag1 Qh3 13. Rg3 Qh5 14. a3 Nf6 15.
Nxf6 gxf6 16. h3 f5 17. exf5 Bxf5 18. Bd5 Bd7 19. Rhg1 Rb8 20. Rg8 Rxg8 21. Rxg8
Ke7 22. Qc3 Nd4+ 23. Bxd4 c6 24. Bxc6 exd4 25. Qxd4 Bxc6 26. Qe3+ 1-0

[Event "AUTO-ADV-4425"]
[Site "http://www.queenalice.com/game.php?id=1633821"]
[Date "2020.11.22"]
[Round "1"]
[White "danote"]
[Black "MarcosT"]
[Result "0-1"]
[WhiteElo "1746"]
[BlackElo "1899"]

1. d4 d5 2. Nf3 Nf6 3. g3 e6 4. Bf4 Nc6 5. Nc3 Bb4 6. Qd2 Ne4 7. Qe3 h6 8. a3
Ba5 9. Bg2 O-O 10. Ne5 Nxc3 11. bxc3 Nxe5 12. dxe5 d4 13. Qf3 Bxc3+ 14. Bd2 Bxa1
15. Bb4 c5 16. O-O cxb4 17. Rxa1 Qb6 18. a4 a5 19. h4 Rb8 20. h5 Qc5 21. Qe4 Bd7
22. Bf3 Bc6 23. Qd3 Bxf3 24. exf3 Qxe5 25. g4 Rbc8 26. Kg2 Rc3 0-1

[Event "AUTO-ADV-4425"]
[Site "http://www.queenalice.com/game.php?id=1633838"]
[Date "2020.11.22"]
[Round "1"]
[White "danote"]
[Black "Profnabor"]
[Result "0-1"]
[WhiteElo "1749"]
[BlackElo "2067"]

1. e4 e5 2. d4 exd4 3. Bc4 Nc6 4. Bf4 d6 5. Qf3 Nf6 6. Bb5 Bd7 7. Nh3 h6 8. Bxc6
Bxc6 9. Nd2 Be7 10. Qd3 Bd7 11. O-O-O c5 12. e5 dxe5 13. Bxe5 O-O 14. Bf4 b5 15.
c4 b4 16. Rhe1 Bc6 17. Qg3 Nh5 18. Qg4 Nxf4 19. Nxf4 Bg5 20. Nb3 Ba4 21. h4
Bxf4+ 22. Qxf4 Bxb3 23. axb3 Qa5 24. Kc2 Rad8 25. g4 Qa6 26. g5 Qg6+ 27. Re4
Rfe8 28. Kd3 Re6 29. Re1 Rde8 30. f3 Kh7 31. h5 Qxg5 32. Qxf7 R8e7 33. Qf4 Qxf4
34. Rxf4 Rxe1 35. Rf5 R7e3+ 36. Kc2 R3e2+ 37. Kd3 Rxb2 38. Rxc5 Ree2 0-1

[Event "AUTO-ADV-4425"]
[Site "http://www.queenalice.com/game.php?id=1633839"]
[Date "2020.11.22"]
[Round "1"]
[White "Profnabor"]
[Black "danote"]
[Result "1-0"]
[WhiteElo "1974"]
[BlackElo "1756"]

1. e4 Nc6 2. Nf3 e5 3. d4 d5 4. Bb5 Bd7 5. Bxc6 Bxc6 6. Nxe5 dxe4 7. Nxc6 bxc6
8. Nc3 Bb4 9. O-O Bxc3 10. bxc3 Qd6 11. f4 Nf6 12. a4 Qe6 13. f5 Qe7 14. Qe1 a5
15. Kh1 c5 16. Bg5 c4 17. Bxf6 gxf6 18. Qe2 h5 19. Qxc4 e3 20. Rae1 O-O 21. Qe2
h4 22. Qg4+ 1-0

[Event "AUTO-ADV-4425"]
[Site "http://www.queenalice.com/game.php?id=1633840"]
[Date "2020.11.22"]
[Round "1"]
[White "danote"]
[Black "albertopontello"]
[Result "0-1"]
[WhiteElo "1727"]
[BlackElo "2019"]

1. g3 e5 2. Nc3 Nf6 3. Bg2 Bc5 4. d3 Ng4 5. Nh3 f6 6. e3 Nc6 7. Qxg4 Rg8 8. Qc4
Rf8 9. Qxc5 b6 10. Qc4 Na5 11. Qg4 c6 12. Qxg7 Qe7 13. Qxe7+ Kxe7 14. d4 Ba6 15.
b4 Nc4 16. Bf1 exd4 17. Ne4 dxe3 18. fxe3 h6 19. Bxc4 Bxc4 20. Ba3 Bd5 21. b5+
c5 22. Nf4 Bxe4 23. Rf1 Bxc2 24. Nd5+ Kd8 25. Rxf6 Rxf6 26. Nxf6 Bd3 27. Bb2
Bxb5 0-1

[Event "AUTO-ADV-4425"]
[Site "http://www.queenalice.com/game.php?id=1633841"]
[Date "2020.11.22"]
[Round "1"]
[White "albertopontello"]
[Black "danote"]
[Result "1-0"]
[WhiteElo "2023"]
[BlackElo "1723"]

1. e4 e5 2. Nf3 Nc6 3. Bc4 Bc5 4. d3 d5 5. exd5 Nd4 6. c3 Nxf3+ 7. Qxf3 Qh4 8.
d6 f6 9. dxc7 Bg4 10. Bb5+ Ke7 11. Qg3 Qh5 12. O-O g5 13. Re1 Bd6 14. d4 Kf8 15.
b3 Rc8 16. dxe5 Bxc7 17. Ba3+ Kg7 18. h3 a6 19. hxg4 Qh6 20. Bd7 Rd8 21. exf6+
Qxf6 22. Qxc7 h5 23. Be8+ Kh6 24. Bxh5 Rh7 25. Qc4 Qg7 26. Re2 Rd1+ 27. Kh2 b5
28. Qc8 1-0